| 000 | 00610nam a2200205 a 4500 | ||
|---|---|---|---|
| 001 | 000001072 | ||
| 005 | 20250325063814.0 | ||
| 008 | 991125s1988 mad 000 0 spa u | ||
| 020 | _a8430915907 | ||
| 035 | _aUPN01000050059 | ||
| 049 | _aCG | ||
| 050 | 4 |
_aHD6270 _bQ4.3 |
|
| 245 | 0 | 1 |
_a¿Qué empleo para los jóvenes? : _bhacia estrategias innovadoras / _cAlain Touraine ... [et al.]. |
| 260 |
_aMadrid : _bTecnos, _c1988. |
||
| 300 |
_a218 p. : _bcuadros |
||
| 440 | 0 |
_aSemilla y surco. _pSociología |
|
| 650 | 4 |
_aJuventud _xEmpleo _99373 |
|
| 700 | 1 |
_aTouraine, Alain, _d1925- _ecoaut. |
|
| 905 | _aLibro | ||
| 999 |
_c50059 _d50059 |
||